<?xml version="1.0" encoding="UTF-8"?>
<record
    xmlns:xsi="http://www.w3.org/2001/XMLSchema-instance"
    xsi:schemaLocation="http://www.loc.gov/MARC21/slim http://www.loc.gov/standards/marcxml/schema/MARC21slim.xsd"
    xmlns="http://www.loc.gov/MARC21/slim">

  <leader>00962nas a2200253 454500</leader>
  <controlfield tag="001">13426</controlfield>
  <controlfield tag="005">20260407193505.0</controlfield>
  <controlfield tag="008">260407s1974####ag###########|||spa#d</controlfield>
  <controlfield tag="003">AR-UNSa-BCEJYS</controlfield>
  <datafield tag="040" ind1=" " ind2=" ">
    <subfield code="a">AR-UNSa-BCEJYS</subfield>
    <subfield code="b">spa</subfield>
    <subfield code="c">AR-UNSa-BCEJYS</subfield>
  </datafield>
  <datafield tag="080" ind1=" " ind2=" ">
    <subfield code="a">347.7</subfield>
    <subfield code="x">Derecho Mercantil. Derecho Comercial</subfield>
  </datafield>
  <datafield tag="245" ind1="1" ind2="0">
    <subfield code="a">Revista del derecho comercial y de las obligaciones</subfield>
  </datafield>
  <datafield tag="022" ind1=" " ind2=" ">
    <subfield code="a">0556-6428</subfield>
  </datafield>
  <datafield tag="264" ind1=" " ind2="1">
    <subfield code="a">Buenos Aires :</subfield>
    <subfield code="b">Depalma</subfield>
    <subfield code="c">1974</subfield>
  </datafield>
  <datafield tag="310" ind1=" " ind2=" ">
    <subfield code="a">Frecuencia: Bimestral
Colecci&#xF3;n cerrada
Cambio de Director a partir del A&#xF1;o 8, N&#xBA; 46 por Carlos Juan Zavala Rodr&#xED;guez
Cambio de Director a partir del A&#xF1;o 13, N&#xBA; 73 por H&#xE9;ctor C&#xE1;mara 
</subfield>
  </datafield>
  <datafield tag="041" ind1=" " ind2=" ">
    <subfield code="a">spa</subfield>
  </datafield>
  <datafield tag="942" ind1=" " ind2=" ">
    <subfield code="c">SER</subfield>
  </datafield>
  <datafield tag="590" ind1=" " ind2=" ">
    <subfield code="a">niveau_biblio:s niveau_hierar:1</subfield>
  </datafield>
  <datafield tag="100" ind1="1" ind2=" ">
    <subfield code="a">Halperin, Isaac</subfield>
  </datafield>
  <datafield tag="650" ind1=" " ind2=" ">
    <subfield code="a">Derecho</subfield>
  </datafield>
  <datafield tag="650" ind1=" " ind2=" ">
    <subfield code="a">Legislaci&#xF3;n</subfield>
  </datafield>
  <datafield tag="650" ind1=" " ind2=" ">
    <subfield code="a">DERECHO COMERCIAL</subfield>
  </datafield>
  <datafield tag="856" ind1="4" ind2="1">
    <subfield code="u">https://biblioeco.unsa.edu.ar/webbibeco/images/bibeco/COMERCIAL.jpg</subfield>
    <subfield code="y">Imagen de portada</subfield>
    <subfield code="q">image/jpeg</subfield>
  </datafield>
  <datafield tag="999" ind1=" " ind2=" ">
    <subfield code="c">8462</subfield>
    <subfield code="d">8462</subfield>
  </datafield>
  <datafield tag="952" ind1=" " ind2=" ">
    <subfield code="0">0</subfield>
    <subfield code="1">0</subfield>
    <subfield code="4">0</subfield>
    <subfield code="7">0</subfield>
    <subfield code="a">BCEJYS</subfield>
    <subfield code="b">BCEJYS</subfield>
    <subfield code="c">17</subfield>
    <subfield code="d">1988-10-01</subfield>
    <subfield code="h">A&#xF1;o 21, N&#xBA; 125 - oct. 1988</subfield>
    <subfield code="l">0</subfield>
    <subfield code="o">H347.7 COM 125</subfield>
    <subfield code="p">R06627</subfield>
    <subfield code="r">2026-04-10 16:07:21</subfield>
    <subfield code="w">2026-04-10</subfield>
    <subfield code="y">RN</subfield>
  </datafield>
  <datafield tag="952" ind1=" " ind2=" ">
    <subfield code="0">0</subfield>
    <subfield code="1">0</subfield>
    <subfield code="4">0</subfield>
    <subfield code="7">0</subfield>
    <subfield code="a">BCEJYS</subfield>
    <subfield code="b">BCEJYS</subfield>
    <subfield code="c">17</subfield>
    <subfield code="d">1988-08-01</subfield>
    <subfield code="h">A&#xF1;o 21, N&#xBA; 124 - ago. 1988</subfield>
    <subfield code="l">0</subfield>
    <subfield code="o">H347.7 COM 124</subfield>
    <subfield code="p">R06626</subfield>
    <subfield code="r">2026-04-10 16:07:21</subfield>
    <subfield code="w">2026-04-10</subfield>
    <subfield code="y">RN</subfield>
  </datafield>
  <datafield tag="952" ind1=" " ind2=" ">
    <subfield code="0">0</subfield>
    <subfield code="1">0</subfield>
    <subfield code="4">0</subfield>
    <subfield code="7">0</subfield>
    <subfield code="a">BCEJYS</subfield>
    <subfield code="b">BCEJYS</subfield>
    <subfield code="c">17</subfield>
    <subfield code="d">1988-06-01</subfield>
    <subfield code="h">A&#xF1;o 21, N&#xBA; 121/123 - jun. 1988</subfield>
    <subfield code="l">0</subfield>
    <subfield code="o">H347.7 COM 121/123</subfield>
    <subfield code="p">R06625</subfield>
    <subfield code="r">2026-04-10 16:07:21</subfield>
    <subfield code="w">2026-04-10</subfield>
    <subfield code="y">RN</subfield>
  </datafield>
  <datafield tag="952" ind1=" " ind2=" ">
    <subfield code="0">0</subfield>
    <subfield code="1">0</subfield>
    <subfield code="4">0</subfield>
    <subfield code="7">0</subfield>
    <subfield code="a">BCEJYS</subfield>
    <subfield code="b">BCEJYS</subfield>
    <subfield code="c">17</subfield>
    <subfield code="d">1987-12-01</subfield>
    <subfield code="h">A&#xF1;o 20, N&#xBA; 119/120 - dic. 1987</subfield>
    <subfield code="l">0</subfield>
    <subfield code="o">H347.7 COM 119/120</subfield>
    <subfield code="p">R06623</subfield>
    <subfield code="r">2026-04-10 16:07:21</subfield>
    <subfield code="w">2026-04-10</subfield>
    <subfield code="y">RN</subfield>
  </datafield>
  <datafield tag="952" ind1=" " ind2=" ">
    <subfield code="0">0</subfield>
    <subfield code="1">0</subfield>
    <subfield code="4">0</subfield>
    <subfield code="7">0</subfield>
    <subfield code="a">BCEJYS</subfield>
    <subfield code="b">BCEJYS</subfield>
    <subfield code="c">17</subfield>
    <subfield code="d">1987-12-01</subfield>
    <subfield code="h">A&#xF1;o 20, N&#xBA; 119/120 - dic. 1987</subfield>
    <subfield code="l">0</subfield>
    <subfield code="o">H347.7 COM 119/120 Ej.2</subfield>
    <subfield code="p">R06624</subfield>
    <subfield code="r">2026-04-10 16:07:21</subfield>
    <subfield code="w">2026-04-10</subfield>
    <subfield code="y">RN</subfield>
  </datafield>
  <datafield tag="952" ind1=" " ind2=" ">
    <subfield code="0">0</subfield>
    <subfield code="1">0</subfield>
    <subfield code="4">0</subfield>
    <subfield code="7">0</subfield>
    <subfield code="a">BCEJYS</subfield>
    <subfield code="b">BCEJYS</subfield>
    <subfield code="c">17</subfield>
    <subfield code="d">1987-08-01</subfield>
    <subfield code="h">A&#xF1;o 20, N&#xBA; 118 - ago. 1987</subfield>
    <subfield code="l">0</subfield>
    <subfield code="o">H347.7 COM 118</subfield>
    <subfield code="p">R06621</subfield>
    <subfield code="r">2026-04-10 16:07:21</subfield>
    <subfield code="w">2026-04-10</subfield>
    <subfield code="y">RN</subfield>
  </datafield>
  <datafield tag="952" ind1=" " ind2=" ">
    <subfield code="0">0</subfield>
    <subfield code="1">0</subfield>
    <subfield code="4">0</subfield>
    <subfield code="7">0</subfield>
    <subfield code="a">BCEJYS</subfield>
    <subfield code="b">BCEJYS</subfield>
    <subfield code="c">17</subfield>
    <subfield code="d">1987-08-01</subfield>
    <subfield code="h">A&#xF1;o 20, N&#xBA; 118 - ago. 1987</subfield>
    <subfield code="l">0</subfield>
    <subfield code="o">H347.7 COM 118 Ej.2</subfield>
    <subfield code="p">R06622</subfield>
    <subfield code="r">2026-04-10 16:07:21</subfield>
    <subfield code="w">2026-04-10</subfield>
    <subfield code="y">RN</subfield>
  </datafield>
  <datafield tag="952" ind1=" " ind2=" ">
    <subfield code="0">0</subfield>
    <subfield code="1">0</subfield>
    <subfield code="4">0</subfield>
    <subfield code="7">0</subfield>
    <subfield code="a">BCEJYS</subfield>
    <subfield code="b">BCEJYS</subfield>
    <subfield code="c">17</subfield>
    <subfield code="d">1987-06-01</subfield>
    <subfield code="h">A&#xF1;o 20, N&#xBA; 117 - jun 1987</subfield>
    <subfield code="l">0</subfield>
    <subfield code="o">H347.7 COM 117</subfield>
    <subfield code="p">R06619</subfield>
    <subfield code="r">2026-04-10 16:07:21</subfield>
    <subfield code="w">2026-04-10</subfield>
    <subfield code="y">RN</subfield>
  </datafield>
  <datafield tag="952" ind1=" " ind2=" ">
    <subfield code="0">0</subfield>
    <subfield code="1">0</subfield>
    <subfield code="4">0</subfield>
    <subfield code="7">0</subfield>
    <subfield code="a">BCEJYS</subfield>
    <subfield code="b">BCEJYS</subfield>
    <subfield code="c">17</subfield>
    <subfield code="d">1987-06-01</subfield>
    <subfield code="h">A&#xF1;o 20, N&#xBA; 117 - jun 1987</subfield>
    <subfield code="l">0</subfield>
    <subfield code="o">H347.7 COM 117 Ej.2</subfield>
    <subfield code="p">R06620</subfield>
    <subfield code="r">2026-04-10 16:07:21</subfield>
    <subfield code="w">2026-04-10</subfield>
    <subfield code="y">RN</subfield>
  </datafield>
  <datafield tag="952" ind1=" " ind2=" ">
    <subfield code="0">0</subfield>
    <subfield code="1">0</subfield>
    <subfield code="4">0</subfield>
    <subfield code="7">0</subfield>
    <subfield code="a">BCEJYS</subfield>
    <subfield code="b">BCEJYS</subfield>
    <subfield code="c">17</subfield>
    <subfield code="d">1987-04-01</subfield>
    <subfield code="h">A&#xF1;o 20, N&#xBA; 116 - abr. 1987</subfield>
    <subfield code="l">0</subfield>
    <subfield code="o">H347.7 COM 116</subfield>
    <subfield code="p">R06618</subfield>
    <subfield code="r">2026-04-10 16:07:21</subfield>
    <subfield code="w">2026-04-10</subfield>
    <subfield code="y">RN</subfield>
  </datafield>
  <datafield tag="952" ind1=" " ind2=" ">
    <subfield code="0">0</subfield>
    <subfield code="1">0</subfield>
    <subfield code="4">0</subfield>
    <subfield code="7">0</subfield>
    <subfield code="a">BCEJYS</subfield>
    <subfield code="b">BCEJYS</subfield>
    <subfield code="c">17</subfield>
    <subfield code="d">1987-02-01</subfield>
    <subfield code="h">A&#xF1;o 20, N&#xBA; 115 - feb. 1987</subfield>
    <subfield code="l">0</subfield>
    <subfield code="o">H347.7 COM 115</subfield>
    <subfield code="p">R06617</subfield>
    <subfield code="r">2026-04-10 16:07:21</subfield>
    <subfield code="w">2026-04-10</subfield>
    <subfield code="y">RN</subfield>
  </datafield>
  <datafield tag="952" ind1=" " ind2=" ">
    <subfield code="0">0</subfield>
    <subfield code="1">0</subfield>
    <subfield code="4">0</subfield>
    <subfield code="7">0</subfield>
    <subfield code="a">BCEJYS</subfield>
    <subfield code="b">BCEJYS</subfield>
    <subfield code="c">17</subfield>
    <subfield code="d">1986-12-01</subfield>
    <subfield code="h">A&#xF1;o 19, N&#xBA; 114 - dic. 1986</subfield>
    <subfield code="l">0</subfield>
    <subfield code="o">H347.7 COM 114</subfield>
    <subfield code="p">R06616</subfield>
    <subfield code="r">2026-04-10 16:07:21</subfield>
    <subfield code="w">2026-04-10</subfield>
    <subfield code="y">RN</subfield>
  </datafield>
  <datafield tag="952" ind1=" " ind2=" ">
    <subfield code="0">0</subfield>
    <subfield code="1">0</subfield>
    <subfield code="4">0</subfield>
    <subfield code="7">0</subfield>
    <subfield code="a">BCEJYS</subfield>
    <subfield code="b">BCEJYS</subfield>
    <subfield code="c">17</subfield>
    <subfield code="d">1986-10-01</subfield>
    <subfield code="h">A&#xF1;o 19, N&#xBA; 113 - oct. 1986</subfield>
    <subfield code="l">0</subfield>
    <subfield code="o">H347.7 COM 113</subfield>
    <subfield code="p">R06615</subfield>
    <subfield code="r">2026-04-10 16:07:21</subfield>
    <subfield code="w">2026-04-10</subfield>
    <subfield code="y">RN</subfield>
  </datafield>
  <datafield tag="952" ind1=" " ind2=" ">
    <subfield code="0">0</subfield>
    <subfield code="1">0</subfield>
    <subfield code="4">0</subfield>
    <subfield code="7">0</subfield>
    <subfield code="a">BCEJYS</subfield>
    <subfield code="b">BCEJYS</subfield>
    <subfield code="c">17</subfield>
    <subfield code="d">1986-08-01</subfield>
    <subfield code="h">A&#xF1;o 19, N&#xBA; 112 - ago. 1986</subfield>
    <subfield code="l">0</subfield>
    <subfield code="o">H347.7 COM 112</subfield>
    <subfield code="p">R06614</subfield>
    <subfield code="r">2026-04-10 16:07:21</subfield>
    <subfield code="w">2026-04-10</subfield>
    <subfield code="y">RN</subfield>
  </datafield>
  <datafield tag="952" ind1=" " ind2=" ">
    <subfield code="0">0</subfield>
    <subfield code="1">0</subfield>
    <subfield code="4">0</subfield>
    <subfield code="7">0</subfield>
    <subfield code="a">BCEJYS</subfield>
    <subfield code="b">BCEJYS</subfield>
    <subfield code="c">17</subfield>
    <subfield code="d">1986-06-01</subfield>
    <subfield code="h">A&#xF1;o 19, N&#xBA; 111 - jun. 1986</subfield>
    <subfield code="l">0</subfield>
    <subfield code="o">H347.7 COM 111</subfield>
    <subfield code="p">R06613</subfield>
    <subfield code="r">2026-04-10 16:07:21</subfield>
    <subfield code="w">2026-04-10</subfield>
    <subfield code="y">RN</subfield>
  </datafield>
  <datafield tag="952" ind1=" " ind2=" ">
    <subfield code="0">0</subfield>
    <subfield code="1">0</subfield>
    <subfield code="4">0</subfield>
    <subfield code="7">0</subfield>
    <subfield code="a">BCEJYS</subfield>
    <subfield code="b">BCEJYS</subfield>
    <subfield code="c">17</subfield>
    <subfield code="d">1986-04-01</subfield>
    <subfield code="h">A&#xF1;o 19, N&#xBA; 110 - abr. 1986</subfield>
    <subfield code="l">0</subfield>
    <subfield code="o">H347.7 COM 110</subfield>
    <subfield code="p">R06612</subfield>
    <subfield code="r">2026-04-10 16:07:21</subfield>
    <subfield code="w">2026-04-10</subfield>
    <subfield code="y">RN</subfield>
  </datafield>
  <datafield tag="952" ind1=" " ind2=" ">
    <subfield code="0">0</subfield>
    <subfield code="1">0</subfield>
    <subfield code="4">0</subfield>
    <subfield code="7">0</subfield>
    <subfield code="a">BCEJYS</subfield>
    <subfield code="b">BCEJYS</subfield>
    <subfield code="c">17</subfield>
    <subfield code="d">1986-02-01</subfield>
    <subfield code="h">A&#xF1;o 19, N&#xBA; 109 - feb. 1986</subfield>
    <subfield code="l">0</subfield>
    <subfield code="o">H347.7 COM 109</subfield>
    <subfield code="p">R06611</subfield>
    <subfield code="r">2026-04-10 16:07:21</subfield>
    <subfield code="w">2026-04-10</subfield>
    <subfield code="y">RN</subfield>
  </datafield>
  <datafield tag="952" ind1=" " ind2=" ">
    <subfield code="0">0</subfield>
    <subfield code="1">0</subfield>
    <subfield code="4">0</subfield>
    <subfield code="7">0</subfield>
    <subfield code="a">BCEJYS</subfield>
    <subfield code="b">BCEJYS</subfield>
    <subfield code="c">17</subfield>
    <subfield code="d">1985-12-01</subfield>
    <subfield code="h">A&#xF1;o 18, N&#xBA; 108 - dic. 1985</subfield>
    <subfield code="l">0</subfield>
    <subfield code="o">H347.7 COM 108</subfield>
    <subfield code="p">R06610</subfield>
    <subfield code="r">2026-04-10 16:07:21</subfield>
    <subfield code="w">2026-04-10</subfield>
    <subfield code="y">RN</subfield>
  </datafield>
  <datafield tag="952" ind1=" " ind2=" ">
    <subfield code="0">0</subfield>
    <subfield code="1">0</subfield>
    <subfield code="4">0</subfield>
    <subfield code="7">0</subfield>
    <subfield code="a">BCEJYS</subfield>
    <subfield code="b">BCEJYS</subfield>
    <subfield code="c">17</subfield>
    <subfield code="d">1985-10-01</subfield>
    <subfield code="h">A&#xF1;o 18, N&#xBA; 107 - oct. 1985</subfield>
    <subfield code="l">0</subfield>
    <subfield code="o">H347.7 COM 107</subfield>
    <subfield code="p">R06609</subfield>
    <subfield code="r">2026-04-10 16:07:21</subfield>
    <subfield code="w">2026-04-10</subfield>
    <subfield code="y">RN</subfield>
  </datafield>
  <datafield tag="952" ind1=" " ind2=" ">
    <subfield code="0">0</subfield>
    <subfield code="1">0</subfield>
    <subfield code="4">0</subfield>
    <subfield code="7">0</subfield>
    <subfield code="a">BCEJYS</subfield>
    <subfield code="b">BCEJYS</subfield>
    <subfield code="c">17</subfield>
    <subfield code="d">1985-08-01</subfield>
    <subfield code="h">A&#xF1;o 18, N&#xBA; 106 - ago. 1985</subfield>
    <subfield code="l">0</subfield>
    <subfield code="o">H347.7 COM 106</subfield>
    <subfield code="p">R06608</subfield>
    <subfield code="r">2026-04-10 16:07:22</subfield>
    <subfield code="w">2026-04-10</subfield>
    <subfield code="y">RN</subfield>
  </datafield>
  <datafield tag="952" ind1=" " ind2=" ">
    <subfield code="0">0</subfield>
    <subfield code="1">0</subfield>
    <subfield code="4">0</subfield>
    <subfield code="7">0</subfield>
    <subfield code="a">BCEJYS</subfield>
    <subfield code="b">BCEJYS</subfield>
    <subfield code="c">17</subfield>
    <subfield code="d">1985-06-01</subfield>
    <subfield code="h">A&#xF1;o 18, N&#xBA; 105 - jun. 1985</subfield>
    <subfield code="l">0</subfield>
    <subfield code="o">H347.7 COM 105</subfield>
    <subfield code="p">R06607</subfield>
    <subfield code="r">2026-04-10 16:07:22</subfield>
    <subfield code="w">2026-04-10</subfield>
    <subfield code="y">RN</subfield>
  </datafield>
  <datafield tag="952" ind1=" " ind2=" ">
    <subfield code="0">0</subfield>
    <subfield code="1">0</subfield>
    <subfield code="4">0</subfield>
    <subfield code="7">0</subfield>
    <subfield code="a">BCEJYS</subfield>
    <subfield code="b">BCEJYS</subfield>
    <subfield code="c">17</subfield>
    <subfield code="d">1985-04-01</subfield>
    <subfield code="h">A&#xF1;o 18, N&#xBA; 103/104 - abr. 1985</subfield>
    <subfield code="l">0</subfield>
    <subfield code="o">H347.7 COM 103/104</subfield>
    <subfield code="p">R06606</subfield>
    <subfield code="r">2026-04-10 16:07:22</subfield>
    <subfield code="w">2026-04-10</subfield>
    <subfield code="y">RN</subfield>
  </datafield>
  <datafield tag="952" ind1=" " ind2=" ">
    <subfield code="0">0</subfield>
    <subfield code="1">0</subfield>
    <subfield code="4">0</subfield>
    <subfield code="7">0</subfield>
    <subfield code="a">BCEJYS</subfield>
    <subfield code="b">BCEJYS</subfield>
    <subfield code="c">17</subfield>
    <subfield code="d">1984-12-01</subfield>
    <subfield code="h">A&#xF1;o 17, N&#xBA; 102 - dic. 1984</subfield>
    <subfield code="l">0</subfield>
    <subfield code="o">H347.7 COM 102</subfield>
    <subfield code="p">R06605</subfield>
    <subfield code="r">2026-04-10 16:07:22</subfield>
    <subfield code="w">2026-04-10</subfield>
    <subfield code="y">RN</subfield>
  </datafield>
  <datafield tag="952" ind1=" " ind2=" ">
    <subfield code="0">0</subfield>
    <subfield code="1">0</subfield>
    <subfield code="4">0</subfield>
    <subfield code="7">0</subfield>
    <subfield code="a">BCEJYS</subfield>
    <subfield code="b">BCEJYS</subfield>
    <subfield code="c">17</subfield>
    <subfield code="d">1984-10-01</subfield>
    <subfield code="h">A&#xF1;o 17, N&#xBA; 101 - oct. 1984</subfield>
    <subfield code="l">0</subfield>
    <subfield code="o">H347.7 COM 101</subfield>
    <subfield code="p">R06604</subfield>
    <subfield code="r">2026-04-10 16:07:22</subfield>
    <subfield code="w">2026-04-10</subfield>
    <subfield code="y">RN</subfield>
  </datafield>
  <datafield tag="952" ind1=" " ind2=" ">
    <subfield code="0">0</subfield>
    <subfield code="1">0</subfield>
    <subfield code="4">0</subfield>
    <subfield code="7">0</subfield>
    <subfield code="a">BCEJYS</subfield>
    <subfield code="b">BCEJYS</subfield>
    <subfield code="c">17</subfield>
    <subfield code="d">1984-08-01</subfield>
    <subfield code="h">A&#xF1;o 17, N&#xBA; 100 - ago. 1984</subfield>
    <subfield code="l">0</subfield>
    <subfield code="o">H347.7 COM 100</subfield>
    <subfield code="p">R06603</subfield>
    <subfield code="r">2026-04-10 16:07:22</subfield>
    <subfield code="w">2026-04-10</subfield>
    <subfield code="y">RN</subfield>
  </datafield>
  <datafield tag="952" ind1=" " ind2=" ">
    <subfield code="0">0</subfield>
    <subfield code="1">0</subfield>
    <subfield code="4">0</subfield>
    <subfield code="7">0</subfield>
    <subfield code="a">BCEJYS</subfield>
    <subfield code="b">BCEJYS</subfield>
    <subfield code="c">17</subfield>
    <subfield code="d">1984-06-01</subfield>
    <subfield code="h">A&#xF1;o 17, N&#xBA; 99 - jun. 1984</subfield>
    <subfield code="l">0</subfield>
    <subfield code="o">H347.7 COM 99</subfield>
    <subfield code="p">R06602</subfield>
    <subfield code="r">2026-04-10 16:07:22</subfield>
    <subfield code="w">2026-04-10</subfield>
    <subfield code="y">RN</subfield>
  </datafield>
  <datafield tag="952" ind1=" " ind2=" ">
    <subfield code="0">0</subfield>
    <subfield code="1">0</subfield>
    <subfield code="4">0</subfield>
    <subfield code="7">0</subfield>
    <subfield code="a">BCEJYS</subfield>
    <subfield code="b">BCEJYS</subfield>
    <subfield code="c">17</subfield>
    <subfield code="d">1984-04-22</subfield>
    <subfield code="h">A&#xF1;o 17, N&#xBA; 97/98 - abr. 1984</subfield>
    <subfield code="l">0</subfield>
    <subfield code="o">H347.7 COM 97/98</subfield>
    <subfield code="p">R06601</subfield>
    <subfield code="r">2026-04-10 16:07:22</subfield>
    <subfield code="w">2026-04-10</subfield>
    <subfield code="y">RN</subfield>
  </datafield>
  <datafield tag="952" ind1=" " ind2=" ">
    <subfield code="0">0</subfield>
    <subfield code="1">0</subfield>
    <subfield code="4">0</subfield>
    <subfield code="7">0</subfield>
    <subfield code="a">BCEJYS</subfield>
    <subfield code="b">BCEJYS</subfield>
    <subfield code="c">17</subfield>
    <subfield code="d">1983-12-01</subfield>
    <subfield code="h">A&#xF1;o 16, N&#xBA; 96 - dic. 1983</subfield>
    <subfield code="l">0</subfield>
    <subfield code="o">H347.7 COM 96</subfield>
    <subfield code="p">R06600</subfield>
    <subfield code="r">2026-04-10 16:07:22</subfield>
    <subfield code="w">2026-04-10</subfield>
    <subfield code="y">RN</subfield>
  </datafield>
  <datafield tag="952" ind1=" " ind2=" ">
    <subfield code="0">0</subfield>
    <subfield code="1">0</subfield>
    <subfield code="4">0</subfield>
    <subfield code="7">0</subfield>
    <subfield code="a">BCEJYS</subfield>
    <subfield code="b">BCEJYS</subfield>
    <subfield code="c">17</subfield>
    <subfield code="d">1983-10-01</subfield>
    <subfield code="h">A&#xF1;o 16, N&#xBA; 95 - oct. 1983</subfield>
    <subfield code="l">0</subfield>
    <subfield code="o">H347.7 COM 95</subfield>
    <subfield code="p">R06599</subfield>
    <subfield code="r">2026-04-10 16:07:22</subfield>
    <subfield code="w">2026-04-10</subfield>
    <subfield code="y">RN</subfield>
  </datafield>
  <datafield tag="952" ind1=" " ind2=" ">
    <subfield code="0">0</subfield>
    <subfield code="1">0</subfield>
    <subfield code="4">0</subfield>
    <subfield code="7">0</subfield>
    <subfield code="a">BCEJYS</subfield>
    <subfield code="b">BCEJYS</subfield>
    <subfield code="c">17</subfield>
    <subfield code="d">1983-08-01</subfield>
    <subfield code="h">A&#xF1;o 16, N&#xBA; 94 - ago. 1983</subfield>
    <subfield code="l">0</subfield>
    <subfield code="o">H347.7 COM 94</subfield>
    <subfield code="p">R06598</subfield>
    <subfield code="r">2026-04-10 16:07:22</subfield>
    <subfield code="w">2026-04-10</subfield>
    <subfield code="y">RN</subfield>
  </datafield>
  <datafield tag="952" ind1=" " ind2=" ">
    <subfield code="0">0</subfield>
    <subfield code="1">0</subfield>
    <subfield code="4">0</subfield>
    <subfield code="7">0</subfield>
    <subfield code="a">BCEJYS</subfield>
    <subfield code="b">BCEJYS</subfield>
    <subfield code="c">17</subfield>
    <subfield code="d">1983-06-01</subfield>
    <subfield code="h">A&#xF1;o 16, N&#xBA; 93 - jun. 1983</subfield>
    <subfield code="l">0</subfield>
    <subfield code="o">H347.7 COM 93</subfield>
    <subfield code="p">R06597</subfield>
    <subfield code="r">2026-04-10 16:07:22</subfield>
    <subfield code="w">2026-04-10</subfield>
    <subfield code="y">RN</subfield>
  </datafield>
  <datafield tag="952" ind1=" " ind2=" ">
    <subfield code="0">0</subfield>
    <subfield code="1">0</subfield>
    <subfield code="4">0</subfield>
    <subfield code="7">0</subfield>
    <subfield code="a">BCEJYS</subfield>
    <subfield code="b">BCEJYS</subfield>
    <subfield code="c">17</subfield>
    <subfield code="d">1983-04-01</subfield>
    <subfield code="h">A&#xF1;o 16, N&#xBA; 92 - abr. 1983</subfield>
    <subfield code="l">0</subfield>
    <subfield code="o">H347.7 COM 92</subfield>
    <subfield code="p">R06596</subfield>
    <subfield code="r">2026-04-10 16:07:22</subfield>
    <subfield code="w">2026-04-10</subfield>
    <subfield code="y">RN</subfield>
  </datafield>
  <datafield tag="952" ind1=" " ind2=" ">
    <subfield code="0">0</subfield>
    <subfield code="1">0</subfield>
    <subfield code="4">0</subfield>
    <subfield code="7">0</subfield>
    <subfield code="a">BCEJYS</subfield>
    <subfield code="b">BCEJYS</subfield>
    <subfield code="c">17</subfield>
    <subfield code="d">1983-02-01</subfield>
    <subfield code="h">A&#xF1;o 16, N&#xBA; 91 - feb. 1983</subfield>
    <subfield code="l">0</subfield>
    <subfield code="o">H347.7 COM 91</subfield>
    <subfield code="p">R06595</subfield>
    <subfield code="r">2026-04-10 16:07:22</subfield>
    <subfield code="w">2026-04-10</subfield>
    <subfield code="y">RN</subfield>
  </datafield>
  <datafield tag="952" ind1=" " ind2=" ">
    <subfield code="0">0</subfield>
    <subfield code="1">0</subfield>
    <subfield code="4">0</subfield>
    <subfield code="7">0</subfield>
    <subfield code="a">BCEJYS</subfield>
    <subfield code="b">BCEJYS</subfield>
    <subfield code="c">17</subfield>
    <subfield code="d">1982-12-01</subfield>
    <subfield code="h">A&#xF1;o 15, N&#xBA; 90 - dic. 1982</subfield>
    <subfield code="l">0</subfield>
    <subfield code="o">H347.7 COM 90</subfield>
    <subfield code="p">R06594</subfield>
    <subfield code="r">2026-04-10 16:07:22</subfield>
    <subfield code="w">2026-04-10</subfield>
    <subfield code="y">RN</subfield>
  </datafield>
  <datafield tag="952" ind1=" " ind2=" ">
    <subfield code="0">0</subfield>
    <subfield code="1">0</subfield>
    <subfield code="4">0</subfield>
    <subfield code="7">0</subfield>
    <subfield code="a">BCEJYS</subfield>
    <subfield code="b">BCEJYS</subfield>
    <subfield code="c">17</subfield>
    <subfield code="d">1982-10-01</subfield>
    <subfield code="h">A&#xF1;o 15, N&#xBA; 89 - oct. 1982</subfield>
    <subfield code="l">0</subfield>
    <subfield code="o">H347.7 COM 89</subfield>
    <subfield code="p">R06593</subfield>
    <subfield code="r">2026-04-10 16:07:22</subfield>
    <subfield code="w">2026-04-10</subfield>
    <subfield code="y">RN</subfield>
  </datafield>
  <datafield tag="952" ind1=" " ind2=" ">
    <subfield code="0">0</subfield>
    <subfield code="1">0</subfield>
    <subfield code="4">0</subfield>
    <subfield code="7">0</subfield>
    <subfield code="a">BCEJYS</subfield>
    <subfield code="b">BCEJYS</subfield>
    <subfield code="c">17</subfield>
    <subfield code="d">1982-08-01</subfield>
    <subfield code="h">A&#xF1;o 15, N&#xBA; 88 - ago. 1982</subfield>
    <subfield code="l">0</subfield>
    <subfield code="o">H347.7 COM 88</subfield>
    <subfield code="p">R06592</subfield>
    <subfield code="r">2026-04-10 16:07:22</subfield>
    <subfield code="w">2026-04-10</subfield>
    <subfield code="y">RN</subfield>
  </datafield>
  <datafield tag="952" ind1=" " ind2=" ">
    <subfield code="0">0</subfield>
    <subfield code="1">0</subfield>
    <subfield code="4">0</subfield>
    <subfield code="7">0</subfield>
    <subfield code="a">BCEJYS</subfield>
    <subfield code="b">BCEJYS</subfield>
    <subfield code="c">17</subfield>
    <subfield code="d">1982-06-01</subfield>
    <subfield code="h">A&#xF1;o 15, N&#xBA; 87 - jun. 1982</subfield>
    <subfield code="l">0</subfield>
    <subfield code="o">H347.7 COM 87</subfield>
    <subfield code="p">R06591</subfield>
    <subfield code="r">2026-04-10 16:07:22</subfield>
    <subfield code="w">2026-04-10</subfield>
    <subfield code="y">RN</subfield>
  </datafield>
  <datafield tag="952" ind1=" " ind2=" ">
    <subfield code="0">0</subfield>
    <subfield code="1">0</subfield>
    <subfield code="4">0</subfield>
    <subfield code="7">0</subfield>
    <subfield code="a">BCEJYS</subfield>
    <subfield code="b">BCEJYS</subfield>
    <subfield code="c">17</subfield>
    <subfield code="d">1982-04-01</subfield>
    <subfield code="h">A&#xF1;o 15, N&#xBA; 86 - abr. 1982</subfield>
    <subfield code="l">0</subfield>
    <subfield code="o">H347.7 COM 86</subfield>
    <subfield code="p">R06590</subfield>
    <subfield code="r">2026-04-10 16:07:22</subfield>
    <subfield code="w">2026-04-10</subfield>
    <subfield code="y">RN</subfield>
  </datafield>
  <datafield tag="952" ind1=" " ind2=" ">
    <subfield code="0">0</subfield>
    <subfield code="1">0</subfield>
    <subfield code="4">0</subfield>
    <subfield code="7">0</subfield>
    <subfield code="a">BCEJYS</subfield>
    <subfield code="b">BCEJYS</subfield>
    <subfield code="c">17</subfield>
    <subfield code="d">1982-02-01</subfield>
    <subfield code="h">A&#xF1;o 15, N&#xBA; 85 - feb. 1982</subfield>
    <subfield code="l">0</subfield>
    <subfield code="o">H347.7 COM 85</subfield>
    <subfield code="p">R06589</subfield>
    <subfield code="r">2026-04-10 16:07:22</subfield>
    <subfield code="w">2026-04-10</subfield>
    <subfield code="y">RN</subfield>
  </datafield>
  <datafield tag="952" ind1=" " ind2=" ">
    <subfield code="0">0</subfield>
    <subfield code="1">0</subfield>
    <subfield code="4">0</subfield>
    <subfield code="7">0</subfield>
    <subfield code="a">BCEJYS</subfield>
    <subfield code="b">BCEJYS</subfield>
    <subfield code="c">17</subfield>
    <subfield code="d">1981-10-01</subfield>
    <subfield code="h">A&#xF1;o 14, N&#xBA; 83 - oct. 1981</subfield>
    <subfield code="l">0</subfield>
    <subfield code="o">H347.7 COM 83</subfield>
    <subfield code="p">R06588</subfield>
    <subfield code="r">2026-04-10 16:07:22</subfield>
    <subfield code="w">2026-04-10</subfield>
    <subfield code="y">RN</subfield>
  </datafield>
  <datafield tag="952" ind1=" " ind2=" ">
    <subfield code="0">0</subfield>
    <subfield code="1">0</subfield>
    <subfield code="4">0</subfield>
    <subfield code="7">0</subfield>
    <subfield code="a">BCEJYS</subfield>
    <subfield code="b">BCEJYS</subfield>
    <subfield code="c">17</subfield>
    <subfield code="d">1981-08-01</subfield>
    <subfield code="h">A&#xF1;o 14, N&#xBA; 82 - ago. 1981</subfield>
    <subfield code="l">0</subfield>
    <subfield code="o">H347.7 COM 82</subfield>
    <subfield code="p">R06587</subfield>
    <subfield code="r">2026-04-10 16:07:22</subfield>
    <subfield code="w">2026-04-10</subfield>
    <subfield code="y">RN</subfield>
  </datafield>
  <datafield tag="952" ind1=" " ind2=" ">
    <subfield code="0">0</subfield>
    <subfield code="1">0</subfield>
    <subfield code="4">0</subfield>
    <subfield code="7">0</subfield>
    <subfield code="a">BCEJYS</subfield>
    <subfield code="b">BCEJYS</subfield>
    <subfield code="c">17</subfield>
    <subfield code="d">1981-06-01</subfield>
    <subfield code="h">A&#xF1;o 14, N&#xBA; 80/81 - jun. 1981</subfield>
    <subfield code="l">0</subfield>
    <subfield code="o">H347.7 COM 80/81</subfield>
    <subfield code="p">R06586</subfield>
    <subfield code="r">2026-04-10 16:07:22</subfield>
    <subfield code="w">2026-04-10</subfield>
    <subfield code="y">RN</subfield>
  </datafield>
  <datafield tag="952" ind1=" " ind2=" ">
    <subfield code="0">0</subfield>
    <subfield code="1">0</subfield>
    <subfield code="4">0</subfield>
    <subfield code="7">0</subfield>
    <subfield code="a">BCEJYS</subfield>
    <subfield code="b">BCEJYS</subfield>
    <subfield code="c">17</subfield>
    <subfield code="d">1981-02-01</subfield>
    <subfield code="h">A&#xF1;o 14, N&#xBA; 79 - feb. 1981</subfield>
    <subfield code="l">0</subfield>
    <subfield code="o">H347.7 COM 79</subfield>
    <subfield code="p">R06585</subfield>
    <subfield code="r">2026-04-10 16:07:22</subfield>
    <subfield code="w">2026-04-10</subfield>
    <subfield code="y">RN</subfield>
  </datafield>
  <datafield tag="952" ind1=" " ind2=" ">
    <subfield code="0">0</subfield>
    <subfield code="1">0</subfield>
    <subfield code="4">0</subfield>
    <subfield code="7">0</subfield>
    <subfield code="a">BCEJYS</subfield>
    <subfield code="b">BCEJYS</subfield>
    <subfield code="c">17</subfield>
    <subfield code="d">1980-10-01</subfield>
    <subfield code="h">A&#xF1;o 13, N&#xBA; 76/77 - oct. 1980</subfield>
    <subfield code="l">0</subfield>
    <subfield code="o">H347.7 COM 76/77</subfield>
    <subfield code="p">R06584</subfield>
    <subfield code="r">2026-04-10 16:07:22</subfield>
    <subfield code="w">2026-04-10</subfield>
    <subfield code="y">RN</subfield>
  </datafield>
  <datafield tag="952" ind1=" " ind2=" ">
    <subfield code="0">0</subfield>
    <subfield code="1">0</subfield>
    <subfield code="4">0</subfield>
    <subfield code="7">0</subfield>
    <subfield code="a">BCEJYS</subfield>
    <subfield code="b">BCEJYS</subfield>
    <subfield code="c">17</subfield>
    <subfield code="d">1980-06-01</subfield>
    <subfield code="h">A&#xF1;o 13, N&#xBA; 75 - jun. 1980</subfield>
    <subfield code="l">0</subfield>
    <subfield code="o">H347.7 COM 75</subfield>
    <subfield code="p">R06583</subfield>
    <subfield code="r">2026-04-10 16:07:22</subfield>
    <subfield code="w">2026-04-10</subfield>
    <subfield code="y">RN</subfield>
  </datafield>
  <datafield tag="952" ind1=" " ind2=" ">
    <subfield code="0">0</subfield>
    <subfield code="1">0</subfield>
    <subfield code="4">0</subfield>
    <subfield code="7">0</subfield>
    <subfield code="a">BCEJYS</subfield>
    <subfield code="b">BCEJYS</subfield>
    <subfield code="c">17</subfield>
    <subfield code="d">1980-04-01</subfield>
    <subfield code="h">A&#xF1;o 13, N&#xBA; 74 - abr. 1980</subfield>
    <subfield code="l">0</subfield>
    <subfield code="o">H347.7 COM 74</subfield>
    <subfield code="p">R06582</subfield>
    <subfield code="r">2026-04-10 16:07:22</subfield>
    <subfield code="w">2026-04-10</subfield>
    <subfield code="y">RN</subfield>
  </datafield>
  <datafield tag="952" ind1=" " ind2=" ">
    <subfield code="0">0</subfield>
    <subfield code="1">0</subfield>
    <subfield code="4">0</subfield>
    <subfield code="7">0</subfield>
    <subfield code="a">BCEJYS</subfield>
    <subfield code="b">BCEJYS</subfield>
    <subfield code="c">17</subfield>
    <subfield code="d">1980-02-01</subfield>
    <subfield code="h">A&#xF1;o 13, N&#xBA; 73 - feb. 1980</subfield>
    <subfield code="l">0</subfield>
    <subfield code="o">H347.7 COM 73</subfield>
    <subfield code="p">R06581</subfield>
    <subfield code="r">2026-04-10 16:07:22</subfield>
    <subfield code="w">2026-04-10</subfield>
    <subfield code="y">RN</subfield>
  </datafield>
  <datafield tag="952" ind1=" " ind2=" ">
    <subfield code="0">0</subfield>
    <subfield code="1">0</subfield>
    <subfield code="4">0</subfield>
    <subfield code="7">0</subfield>
    <subfield code="a">BCEJYS</subfield>
    <subfield code="b">BCEJYS</subfield>
    <subfield code="c">17</subfield>
    <subfield code="d">1979-10-01</subfield>
    <subfield code="h">A&#xF1;o 12, N&#xBA; 70/71 - oct. 1979</subfield>
    <subfield code="l">0</subfield>
    <subfield code="o">H347.7 COM 70/71</subfield>
    <subfield code="p">R06580</subfield>
    <subfield code="r">2026-04-10 16:07:22</subfield>
    <subfield code="w">2026-04-10</subfield>
    <subfield code="y">RN</subfield>
  </datafield>
  <datafield tag="952" ind1=" " ind2=" ">
    <subfield code="0">0</subfield>
    <subfield code="1">0</subfield>
    <subfield code="4">0</subfield>
    <subfield code="7">0</subfield>
    <subfield code="a">BCEJYS</subfield>
    <subfield code="b">BCEJYS</subfield>
    <subfield code="c">17</subfield>
    <subfield code="d">1979-06-01</subfield>
    <subfield code="h">A&#xF1;o 12, N&#xBA; 69 - jun. 1979</subfield>
    <subfield code="l">0</subfield>
    <subfield code="o">H347.7 COM 69</subfield>
    <subfield code="p">R06579</subfield>
    <subfield code="r">2026-04-10 16:07:22</subfield>
    <subfield code="w">2026-04-10</subfield>
    <subfield code="y">RN</subfield>
  </datafield>
  <datafield tag="952" ind1=" " ind2=" ">
    <subfield code="0">0</subfield>
    <subfield code="1">0</subfield>
    <subfield code="4">0</subfield>
    <subfield code="7">0</subfield>
    <subfield code="a">BCEJYS</subfield>
    <subfield code="b">BCEJYS</subfield>
    <subfield code="c">17</subfield>
    <subfield code="d">1979-04-01</subfield>
    <subfield code="h">A&#xF1;o 12, N&#xBA; 68 - abr. 1979</subfield>
    <subfield code="l">0</subfield>
    <subfield code="o">H347.7 COM 68</subfield>
    <subfield code="p">R06578</subfield>
    <subfield code="r">2026-04-10 16:07:22</subfield>
    <subfield code="w">2026-04-10</subfield>
    <subfield code="y">RN</subfield>
  </datafield>
  <datafield tag="952" ind1=" " ind2=" ">
    <subfield code="0">0</subfield>
    <subfield code="1">0</subfield>
    <subfield code="4">0</subfield>
    <subfield code="7">0</subfield>
    <subfield code="a">BCEJYS</subfield>
    <subfield code="b">BCEJYS</subfield>
    <subfield code="c">17</subfield>
    <subfield code="d">1979-02-01</subfield>
    <subfield code="h">A&#xF1;o 12, N&#xBA; 67 - feb. 1979</subfield>
    <subfield code="l">0</subfield>
    <subfield code="o">H347.7 COM 67</subfield>
    <subfield code="p">R06577</subfield>
    <subfield code="r">2026-04-10 16:07:22</subfield>
    <subfield code="w">2026-04-10</subfield>
    <subfield code="y">RN</subfield>
  </datafield>
  <datafield tag="952" ind1=" " ind2=" ">
    <subfield code="0">0</subfield>
    <subfield code="1">0</subfield>
    <subfield code="4">0</subfield>
    <subfield code="7">0</subfield>
    <subfield code="a">BCEJYS</subfield>
    <subfield code="b">BCEJYS</subfield>
    <subfield code="c">17</subfield>
    <subfield code="d">1978-10-01</subfield>
    <subfield code="h">A&#xF1;o 11, N&#xBA; 65 - oct. 1978</subfield>
    <subfield code="l">0</subfield>
    <subfield code="o">H347.7 COM 65</subfield>
    <subfield code="p">R06576</subfield>
    <subfield code="r">2026-04-10 16:07:22</subfield>
    <subfield code="w">2026-04-10</subfield>
    <subfield code="y">RN</subfield>
  </datafield>
  <datafield tag="952" ind1=" " ind2=" ">
    <subfield code="0">0</subfield>
    <subfield code="1">0</subfield>
    <subfield code="4">0</subfield>
    <subfield code="7">0</subfield>
    <subfield code="a">BCEJYS</subfield>
    <subfield code="b">BCEJYS</subfield>
    <subfield code="c">17</subfield>
    <subfield code="d">1978-08-01</subfield>
    <subfield code="h">A&#xF1;o 11, N&#xBA; 64 - ago. 1978</subfield>
    <subfield code="l">0</subfield>
    <subfield code="o">H347.7 COM 64</subfield>
    <subfield code="p">R06575</subfield>
    <subfield code="r">2026-04-10 16:07:22</subfield>
    <subfield code="w">2026-04-10</subfield>
    <subfield code="y">RN</subfield>
  </datafield>
  <datafield tag="952" ind1=" " ind2=" ">
    <subfield code="0">0</subfield>
    <subfield code="1">0</subfield>
    <subfield code="4">0</subfield>
    <subfield code="7">0</subfield>
    <subfield code="a">BCEJYS</subfield>
    <subfield code="b">BCEJYS</subfield>
    <subfield code="c">17</subfield>
    <subfield code="d">1978-06-01</subfield>
    <subfield code="h">A&#xF1;o 11, N&#xBA; 63 - jun. 1978</subfield>
    <subfield code="l">0</subfield>
    <subfield code="o">H347.7 COM 63</subfield>
    <subfield code="p">R06574</subfield>
    <subfield code="r">2026-04-10 16:07:22</subfield>
    <subfield code="w">2026-04-10</subfield>
    <subfield code="y">RN</subfield>
  </datafield>
  <datafield tag="952" ind1=" " ind2=" ">
    <subfield code="0">0</subfield>
    <subfield code="1">0</subfield>
    <subfield code="4">0</subfield>
    <subfield code="7">0</subfield>
    <subfield code="a">BCEJYS</subfield>
    <subfield code="b">BCEJYS</subfield>
    <subfield code="c">17</subfield>
    <subfield code="d">1978-04-01</subfield>
    <subfield code="h">A&#xF1;o 11, N&#xBA; 62 - abr. 1978</subfield>
    <subfield code="l">0</subfield>
    <subfield code="o">H347.7 COM 62</subfield>
    <subfield code="p">R06573</subfield>
    <subfield code="r">2026-04-10 16:07:22</subfield>
    <subfield code="w">2026-04-10</subfield>
    <subfield code="y">RN</subfield>
  </datafield>
  <datafield tag="952" ind1=" " ind2=" ">
    <subfield code="0">0</subfield>
    <subfield code="1">0</subfield>
    <subfield code="4">0</subfield>
    <subfield code="7">0</subfield>
    <subfield code="a">BCEJYS</subfield>
    <subfield code="b">BCEJYS</subfield>
    <subfield code="c">17</subfield>
    <subfield code="d">1978-02-01</subfield>
    <subfield code="h">A&#xF1;o 11, N&#xBA; 61 - feb. 1978</subfield>
    <subfield code="l">0</subfield>
    <subfield code="o">H347.7 COM 61</subfield>
    <subfield code="p">R06572</subfield>
    <subfield code="r">2026-04-10 16:07:22</subfield>
    <subfield code="w">2026-04-10</subfield>
    <subfield code="y">RN</subfield>
  </datafield>
  <datafield tag="952" ind1=" " ind2=" ">
    <subfield code="0">0</subfield>
    <subfield code="1">0</subfield>
    <subfield code="4">0</subfield>
    <subfield code="7">0</subfield>
    <subfield code="a">BCEJYS</subfield>
    <subfield code="b">BCEJYS</subfield>
    <subfield code="c">17</subfield>
    <subfield code="d">1977-12-01</subfield>
    <subfield code="h">dic. 1977</subfield>
    <subfield code="l">0</subfield>
    <subfield code="o">H347.7 COM 1968/1977</subfield>
    <subfield code="p">R06772</subfield>
    <subfield code="r">2026-04-10 16:07:22</subfield>
    <subfield code="w">2026-04-10</subfield>
    <subfield code="y">RN</subfield>
  </datafield>
  <datafield tag="952" ind1=" " ind2=" ">
    <subfield code="0">0</subfield>
    <subfield code="1">0</subfield>
    <subfield code="4">0</subfield>
    <subfield code="7">0</subfield>
    <subfield code="a">BCEJYS</subfield>
    <subfield code="b">BCEJYS</subfield>
    <subfield code="c">17</subfield>
    <subfield code="d">1977-10-01</subfield>
    <subfield code="h">A&#xF1;o 10, N&#xBA; 59 - oct. 1977</subfield>
    <subfield code="l">0</subfield>
    <subfield code="o">H347.7 COM 59</subfield>
    <subfield code="p">R06571</subfield>
    <subfield code="r">2026-04-10 16:07:22</subfield>
    <subfield code="w">2026-04-10</subfield>
    <subfield code="y">RN</subfield>
  </datafield>
  <datafield tag="952" ind1=" " ind2=" ">
    <subfield code="0">0</subfield>
    <subfield code="1">0</subfield>
    <subfield code="4">0</subfield>
    <subfield code="7">0</subfield>
    <subfield code="a">BCEJYS</subfield>
    <subfield code="b">BCEJYS</subfield>
    <subfield code="c">17</subfield>
    <subfield code="d">1977-08-01</subfield>
    <subfield code="h">A&#xF1;o 10, N&#xBA; 58 - ago. 1977</subfield>
    <subfield code="l">0</subfield>
    <subfield code="o">H347.7 COM 58</subfield>
    <subfield code="p">R06570</subfield>
    <subfield code="r">2026-04-10 16:07:22</subfield>
    <subfield code="w">2026-04-10</subfield>
    <subfield code="y">RN</subfield>
  </datafield>
  <datafield tag="952" ind1=" " ind2=" ">
    <subfield code="0">0</subfield>
    <subfield code="1">0</subfield>
    <subfield code="4">0</subfield>
    <subfield code="7">0</subfield>
    <subfield code="a">BCEJYS</subfield>
    <subfield code="b">BCEJYS</subfield>
    <subfield code="c">17</subfield>
    <subfield code="d">1977-06-01</subfield>
    <subfield code="h">A&#xF1;o 10, N&#xBA; 57 - jun. 1977</subfield>
    <subfield code="l">0</subfield>
    <subfield code="o">H347.7 COM 57</subfield>
    <subfield code="p">R06569</subfield>
    <subfield code="r">2026-04-10 16:07:22</subfield>
    <subfield code="w">2026-04-10</subfield>
    <subfield code="y">RN</subfield>
  </datafield>
  <datafield tag="952" ind1=" " ind2=" ">
    <subfield code="0">0</subfield>
    <subfield code="1">0</subfield>
    <subfield code="4">0</subfield>
    <subfield code="7">0</subfield>
    <subfield code="a">BCEJYS</subfield>
    <subfield code="b">BCEJYS</subfield>
    <subfield code="c">17</subfield>
    <subfield code="d">1977-04-01</subfield>
    <subfield code="h">A&#xF1;o 10, N&#xBA; 56 - abr. 1977</subfield>
    <subfield code="l">0</subfield>
    <subfield code="o">H347.7 COM 56</subfield>
    <subfield code="p">R06568</subfield>
    <subfield code="r">2026-04-10 16:07:22</subfield>
    <subfield code="w">2026-04-10</subfield>
    <subfield code="y">RN</subfield>
  </datafield>
  <datafield tag="952" ind1=" " ind2=" ">
    <subfield code="0">0</subfield>
    <subfield code="1">0</subfield>
    <subfield code="4">0</subfield>
    <subfield code="7">0</subfield>
    <subfield code="a">BCEJYS</subfield>
    <subfield code="b">BCEJYS</subfield>
    <subfield code="c">17</subfield>
    <subfield code="d">1977-02-01</subfield>
    <subfield code="h">A&#xF1;o 10, N&#xBA; 55 - feb. 1977</subfield>
    <subfield code="l">0</subfield>
    <subfield code="o">H347.7 COM 55</subfield>
    <subfield code="p">R06567</subfield>
    <subfield code="r">2026-04-10 16:07:22</subfield>
    <subfield code="w">2026-04-10</subfield>
    <subfield code="y">RN</subfield>
  </datafield>
  <datafield tag="952" ind1=" " ind2=" ">
    <subfield code="0">0</subfield>
    <subfield code="1">0</subfield>
    <subfield code="4">0</subfield>
    <subfield code="7">0</subfield>
    <subfield code="a">BCEJYS</subfield>
    <subfield code="b">BCEJYS</subfield>
    <subfield code="c">17</subfield>
    <subfield code="d">1976-10-01</subfield>
    <subfield code="h">A&#xF1;o 9, N&#xBA; 53 - oct. 1976</subfield>
    <subfield code="l">0</subfield>
    <subfield code="o">H347.7 COM 53</subfield>
    <subfield code="p">R06566</subfield>
    <subfield code="r">2026-04-10 16:07:22</subfield>
    <subfield code="w">2026-04-10</subfield>
    <subfield code="y">RN</subfield>
  </datafield>
  <datafield tag="952" ind1=" " ind2=" ">
    <subfield code="0">0</subfield>
    <subfield code="1">0</subfield>
    <subfield code="4">0</subfield>
    <subfield code="7">0</subfield>
    <subfield code="a">BCEJYS</subfield>
    <subfield code="b">BCEJYS</subfield>
    <subfield code="c">17</subfield>
    <subfield code="d">1976-08-01</subfield>
    <subfield code="h">A&#xF1;o 9, N&#xBA; 52 - ago. 1976</subfield>
    <subfield code="l">0</subfield>
    <subfield code="o">H347.7 COM 52</subfield>
    <subfield code="p">R06565</subfield>
    <subfield code="r">2026-04-10 16:07:22</subfield>
    <subfield code="w">2026-04-10</subfield>
    <subfield code="y">RN</subfield>
  </datafield>
  <datafield tag="952" ind1=" " ind2=" ">
    <subfield code="0">0</subfield>
    <subfield code="1">0</subfield>
    <subfield code="4">0</subfield>
    <subfield code="7">0</subfield>
    <subfield code="a">BCEJYS</subfield>
    <subfield code="b">BCEJYS</subfield>
    <subfield code="c">17</subfield>
    <subfield code="d">1976-06-01</subfield>
    <subfield code="h">A&#xF1;o 9, N&#xBA; 51 - jun. 1976</subfield>
    <subfield code="l">0</subfield>
    <subfield code="o">H347.7 COM 51</subfield>
    <subfield code="p">R06564</subfield>
    <subfield code="r">2026-04-10 16:07:22</subfield>
    <subfield code="w">2026-04-10</subfield>
    <subfield code="y">RN</subfield>
  </datafield>
  <datafield tag="952" ind1=" " ind2=" ">
    <subfield code="0">0</subfield>
    <subfield code="1">0</subfield>
    <subfield code="4">0</subfield>
    <subfield code="7">0</subfield>
    <subfield code="a">BCEJYS</subfield>
    <subfield code="b">BCEJYS</subfield>
    <subfield code="c">17</subfield>
    <subfield code="d">1976-04-01</subfield>
    <subfield code="h">A&#xF1;o 9, N&#xBA; 50 - abr. 1976</subfield>
    <subfield code="l">0</subfield>
    <subfield code="o">H347.7 COM 50</subfield>
    <subfield code="p">R06563</subfield>
    <subfield code="r">2026-04-10 16:07:22</subfield>
    <subfield code="w">2026-04-10</subfield>
    <subfield code="y">RN</subfield>
  </datafield>
  <datafield tag="952" ind1=" " ind2=" ">
    <subfield code="0">0</subfield>
    <subfield code="1">0</subfield>
    <subfield code="4">0</subfield>
    <subfield code="7">0</subfield>
    <subfield code="a">BCEJYS</subfield>
    <subfield code="b">BCEJYS</subfield>
    <subfield code="c">17</subfield>
    <subfield code="d">1976-02-01</subfield>
    <subfield code="h">A&#xF1;o 8, N&#xBA; 49 - feb. 1976</subfield>
    <subfield code="l">0</subfield>
    <subfield code="o">H347.7 COM 49</subfield>
    <subfield code="p">R06562</subfield>
    <subfield code="r">2026-04-10 16:07:22</subfield>
    <subfield code="w">2026-04-10</subfield>
    <subfield code="y">RN</subfield>
  </datafield>
  <datafield tag="952" ind1=" " ind2=" ">
    <subfield code="0">0</subfield>
    <subfield code="1">0</subfield>
    <subfield code="4">0</subfield>
    <subfield code="7">0</subfield>
    <subfield code="a">BCEJYS</subfield>
    <subfield code="b">BCEJYS</subfield>
    <subfield code="c">17</subfield>
    <subfield code="d">1975-10-01</subfield>
    <subfield code="h">A&#xF1;o 8, N&#xBA; 47 - oct. 1975</subfield>
    <subfield code="l">0</subfield>
    <subfield code="o">H347.7 COM 47</subfield>
    <subfield code="p">R06561</subfield>
    <subfield code="r">2026-04-10 16:07:22</subfield>
    <subfield code="w">2026-04-10</subfield>
    <subfield code="y">RN</subfield>
  </datafield>
  <datafield tag="952" ind1=" " ind2=" ">
    <subfield code="0">0</subfield>
    <subfield code="1">0</subfield>
    <subfield code="4">0</subfield>
    <subfield code="7">0</subfield>
    <subfield code="a">BCEJYS</subfield>
    <subfield code="b">BCEJYS</subfield>
    <subfield code="c">17</subfield>
    <subfield code="d">1975-08-01</subfield>
    <subfield code="h">A&#xF1;o 8, N&#xBA; 46 - ago. 1975</subfield>
    <subfield code="l">0</subfield>
    <subfield code="o">H347.7 COM 46</subfield>
    <subfield code="p">R06560</subfield>
    <subfield code="r">2026-04-10 16:07:22</subfield>
    <subfield code="w">2026-04-10</subfield>
    <subfield code="y">RN</subfield>
  </datafield>
  <datafield tag="952" ind1=" " ind2=" ">
    <subfield code="0">0</subfield>
    <subfield code="1">0</subfield>
    <subfield code="4">0</subfield>
    <subfield code="7">0</subfield>
    <subfield code="a">BCEJYS</subfield>
    <subfield code="b">BCEJYS</subfield>
    <subfield code="c">17</subfield>
    <subfield code="d">1975-02-01</subfield>
    <subfield code="h">A&#xF1;o 8, N&#xBA; 43 - feb. 1975</subfield>
    <subfield code="l">0</subfield>
    <subfield code="o">H347.7 COM 43</subfield>
    <subfield code="p">R06559</subfield>
    <subfield code="r">2026-04-10 16:07:22</subfield>
    <subfield code="w">2026-04-10</subfield>
    <subfield code="y">RN</subfield>
  </datafield>
  <datafield tag="952" ind1=" " ind2=" ">
    <subfield code="0">0</subfield>
    <subfield code="1">0</subfield>
    <subfield code="4">0</subfield>
    <subfield code="7">0</subfield>
    <subfield code="a">BCEJYS</subfield>
    <subfield code="b">BCEJYS</subfield>
    <subfield code="c">17</subfield>
    <subfield code="d">1974-10-01</subfield>
    <subfield code="h">A&#xF1;o 7, N&#xBA; 41 - oct. 1974</subfield>
    <subfield code="l">0</subfield>
    <subfield code="o">H347.7 COM 41</subfield>
    <subfield code="p">R06558</subfield>
    <subfield code="r">2026-04-10 16:07:22</subfield>
    <subfield code="w">2026-04-10</subfield>
    <subfield code="y">RN</subfield>
  </datafield>
  <datafield tag="952" ind1=" " ind2=" ">
    <subfield code="0">0</subfield>
    <subfield code="1">0</subfield>
    <subfield code="4">0</subfield>
    <subfield code="7">0</subfield>
    <subfield code="a">BCEJYS</subfield>
    <subfield code="b">BCEJYS</subfield>
    <subfield code="c">17</subfield>
    <subfield code="d">1974-06-01</subfield>
    <subfield code="h">A&#xF1;o 7, N&#xBA; 39 - jun. 1974</subfield>
    <subfield code="l">0</subfield>
    <subfield code="o">H347.7 COM 39</subfield>
    <subfield code="p">R06557</subfield>
    <subfield code="r">2026-04-10 16:07:22</subfield>
    <subfield code="w">2026-04-10</subfield>
    <subfield code="y">RN</subfield>
  </datafield>
  <datafield tag="952" ind1=" " ind2=" ">
    <subfield code="0">0</subfield>
    <subfield code="1">0</subfield>
    <subfield code="4">0</subfield>
    <subfield code="7">0</subfield>
    <subfield code="a">BCEJYS</subfield>
    <subfield code="b">BCEJYS</subfield>
    <subfield code="c">17</subfield>
    <subfield code="d">1974-04-01</subfield>
    <subfield code="h">A&#xF1;o 7, N&#xBA; 38 - abr. 1974</subfield>
    <subfield code="l">0</subfield>
    <subfield code="o">H347.7 COM 38</subfield>
    <subfield code="p">R06556</subfield>
    <subfield code="r">2026-04-10 16:07:22</subfield>
    <subfield code="w">2026-04-10</subfield>
    <subfield code="y">RN</subfield>
  </datafield>
  <datafield tag="952" ind1=" " ind2=" ">
    <subfield code="0">0</subfield>
    <subfield code="1">0</subfield>
    <subfield code="4">0</subfield>
    <subfield code="7">0</subfield>
    <subfield code="a">BCEJYS</subfield>
    <subfield code="b">BCEJYS</subfield>
    <subfield code="c">17</subfield>
    <subfield code="d">1974-02-01</subfield>
    <subfield code="h">A&#xF1;o 7, N&#xBA; 37 - feb. 1974</subfield>
    <subfield code="l">0</subfield>
    <subfield code="o">H347.7 COM 37</subfield>
    <subfield code="p">R06555</subfield>
    <subfield code="r">2026-04-10 16:07:22</subfield>
    <subfield code="w">2026-04-10</subfield>
    <subfield code="y">RN</subfield>
  </datafield>
  <datafield tag="952" ind1=" " ind2=" ">
    <subfield code="0">0</subfield>
    <subfield code="1">0</subfield>
    <subfield code="4">0</subfield>
    <subfield code="7">0</subfield>
    <subfield code="a">BCEJYS</subfield>
    <subfield code="b">BCEJYS</subfield>
    <subfield code="c">17</subfield>
    <subfield code="d">1972-12-01</subfield>
    <subfield code="h">dic. 1972</subfield>
    <subfield code="l">0</subfield>
    <subfield code="o">H347.7 COM 1968/1972</subfield>
    <subfield code="p">R06773</subfield>
    <subfield code="r">2026-04-10 16:07:22</subfield>
    <subfield code="w">2026-04-10</subfield>
    <subfield code="y">RN</subfield>
  </datafield>
</record>
